Domesday 2000 (Record no. 93828)

MARC details
000 -LEADER
fixed length control field 00906cam a2200289 4500
008 - FIXED-LENGTH DATA ELEMENTS--GENERAL INFORMATION
fixed length control field 090401t1992 xxu||||| |||| 00| 0 eng d
020 ## - INTERNATIONAL STANDARD BOOK NUMBER
International Standard Book Number 0854065571
035 ## - SYSTEM CONTROL NUMBER
System control number (Sirsi) u56743
041 ## - LANGUAGE CODE
Language code of text/sound track or separate title eng
050 ## - LIBRARY OF CONGRESS CALL NUMBER
Classification number 333.70285
-- 18
090 ## - LOCALLY ASSIGNED LC-TYPE CALL NUMBER (OCLC); LOCAL CALL NUMBER (RLIN)
Classification number (OCLC) (R) ; Classification number, CALL (RLIN) (NR) RICS 1992/58ABCD
100 ## - MAIN ENTRY--PERSONAL NAME
Personal name Dale, Peter
245 ## - TITLE STATEMENT
Title Domesday 2000
Remainder of title the impact of a National Land Information System on the UK surveying profession.
260 ## - PUBLICATION, DISTRIBUTION, ETC.
Place of publication, distribution, etc. London
Name of publisher, distributor, etc. RICS
Date of publication, distribution, etc. 1992
300 ## - PHYSICAL DESCRIPTION
Extent 7p.
Dimensions 30cm.
350 ## - PRICE (NR) (BK AM CF MU VM SE) [OBSOLETE]
Price 2.95
490 ## - SERIES STATEMENT
Series statement RICS Research Paper Series
Volume/sequential designation (14)
520 ## - SUMMARY, ETC.
Summary, etc. Delivered by Professor Peter Dale at the Nelson Bakewell Lecture on 26th May 1992.
650 ## - SUBJECT ADDED ENTRY--TOPICAL TERM
Topical term or geographic name entry element DOMESDAY 2000
650 ## - SUBJECT ADDED ENTRY--TOPICAL TERM
Topical term or geographic name entry element LAND INFORMATION SYSTEMS
650 ## - SUBJECT ADDED ENTRY--TOPICAL TERM
Topical term or geographic name entry element NATIONAL LAND INFORMATION SERVICE
650 ## - SUBJECT ADDED ENTRY--TOPICAL TERM
Topical term or geographic name entry element SURVEYORS
690 ## - LOCAL SUBJECT ADDED ENTRY--TOPICAL TERM (OCLC, RLIN)
Topical term or geographic name as entry element LAND SURVEYING
710 ## - ADDED ENTRY--CORPORATE NAME
Corporate name or jurisdiction name as entry element Royal Institution of Chartered Surveyors
9 (RLIN) 4900
942 ## - ADDED ENTRY ELEMENTS (KOHA)
Suppress in OPAC 0
948 ## - LOCAL PROCESSING INFORMATION (OCLC); SERIES PART DESIGNATOR (RLIN)
c (OCLC) 04/03/1997
Holdings
Withdrawn status Lost status Source of classification or shelving scheme Damaged status Not for loan Home library Current library Shelving location Date acquired Cost, normal purchase price Total Checkouts Full call number Barcode Date last seen Copy number Cost, replacement price Price effective from Koha item type
    Dewey Decimal Classification     London London RICS Boxes 12/11/1992 2.95   RICS 1992/58 30043309 06/08/2019 2 2.95 06/08/2019 Reference material
    Dewey Decimal Classification     London London RICS Boxes 12/11/1992 2.95   RICS 1992/58 30043311 06/08/2019 3 2.95 06/08/2019 Archive
    Dewey Decimal Classification     London London RICS Boxes 06/01/1995 2.95   RICS 1992/58 30044575 06/08/2019 4 2.95 06/08/2019 Book